Co je a co není skauting /

Hlavní autor: Rusek, Ladislav, 1927-2012
Jazyk: Čeština
Vydáno: [Olomouc : L. Rusek], 2003
Témata:
Fyzický popis: [4] s. ; 21 cm
Knihy
Uloženo v:
LEADER 01291nam a2200385 a 4500
001 000863427
003 CZ BrMZK
005 20070907071933.0
007 ta
008 070827s2003 xr e 000 0 cze
020 |q (Dvojlist) 
040 |a BOA001  |b cze 
072 7 |a 37  |x Výchova a vzdělávání  |2 Konspekt  |9 22 
080 |a 379.8.03:061.2  |2 MRF 
080 |a [379.8.03:061.2]:398.1  |2 MRF 
080 |a 316.752  |2 MRF 
080 |a 316.728  |2 MRF 
080 |a (0:82-4)  |2 MRF 
080 |a (041)  |2 MRF 
100 1 |a Rusek, Ladislav,  |d 1927-2012  |7 jk01103082  |4 aut 
245 1 0 |a Co je a co není skauting /  |c Ladislav Rusek - Šaman 
260 |a [Olomouc :  |b L. Rusek],  |c 2003 
300 |a [4] s. ;  |c 21 cm 
610 2 7 |a Junák - svaz skautů a skautek ČR  |7 kn20010710502  |2 czenas 
650 0 7 |a skauting  |7 ph116152  |2 czenas 
650 0 7 |a skautská výchova  |7 ph162873  |2 czenas 
650 0 7 |a skautské tradice  |7 ph162885  |2 czenas 
650 0 7 |a hodnotová orientace  |7 ph117202  |2 czenas 
650 0 7 |a životní styl  |7 ph136586  |2 czenas 
655 7 |a úvahy  |7 fd134000  |2 czenas 
655 7 |a brožury  |7 fd131925  |2 czenas 
910 2 |a BOA001  |b 2-1191.306 
990 |a BK 
991 |b 200709  |c NOV 
996 6 |b 2610317886  |c 2-1191.306  |l MZK  |r Sklad / do 1 hodiny  |n 13  |p p.v.  |w 000863427  |u 000010  |a 1  |e BOA001  |j MZK50  |s P